000 01144nam a2200289Ia 4500
005 20260324141707.0
008 008 260324s9999 xx 000 0 eng d
020 _a9780429291449
037 _aEBOOK
040 _aCRL
040 _beng
040 _cCRL
041 _2eng
041 _aeng
084 _qCRL
100 _aDanilo D. Lasic; Yechezkel Barenholz; Ching-hsien Huang; Shusen Li; Ole G. Mouritsen; Shlomo Nir; Mario Corti; Vladimir P. Torchilin; Mathias Winterhalter; Sasa Svetina; Udo Seifert; B. Fourcade; B. Dammann; Paavo K. J. Kinnunen; Jeffrey T. Mason; Boris Tenchov; S. Marcelja; P. M. Frederik; Bostjan Zeks; Reinhard Lipowsky; X. Michalet; D. Bensimon; H. C. Fogedby; Laura Cantu; Rumiana Koynova; Deborah R. Fattal; Avinoam Ben-Shaul; Marc C.A. Stuart; P.H.H. Bomans
_91209154
245 0 _aHandbook of Nonmedical Applications of Liposomes
245 0 _bTheory and Basic Sciences
260 _bTaylor and Francis
260 _c1996
365 _a
365 _b360
856 _uhttp://www.taylorfrancis.com/books/9780429291449
942 _cEBOOK
999 _c1812521
_d1812521